000
00211 a2200097 4500
001
3024
100
_a
Show, O
245
_a
Pakistan collins illustration guide
260
_a
_b
Collins b
_c
090
_c
2309
_d
2309
942
_a
NUST-CAE
_c
M
_c
14547
999
_c
238097
_d
238097